| 000 | 01030cam a2200241 4500 | ||
|---|---|---|---|
| 001 | WB3923-16 | ||
| 008 | 030617n2003 000 0 eng u | ||
| 035 | _a(Sirsi) u122631 | ||
| 245 | _aPhone mast compensation | ||
| 260 | _c2003 | ||
| 490 |
_aRICS Planning and Development Faculty News _v 13 June 2003 (1) |
||
| 520 | _aHouseholders in Swindon have been awarded between £10 000 and £20 000 worth of compensation, after local planners allowed a telecoms mast to be erected in the middle of their street. Anti-mast campaigners say the ruling represents the first time that the ombudsman has accepted that mobile phone masts can affect house prices. http://www.rics.org/ricscms/bin/show?class=News&template=/includes/shownews.html&id=6133 | ||
| 590 | _aWB | ||
| 650 | _aHOUSE PRICES | ||
| 650 | _aMOBILE PHONE MASTS | ||
| 650 | _aSWINDON | ||
| 650 | _aLOCAL PLANNING | ||
| 650 | _aLOCAL GOVERNMENT OMBUDSMAN | ||
| 650 | _aCOMPENSATION | ||
| 650 | _aPROPERTY VALUE | ||
| 690 | _aTELECOMMUNICATIONS | ||
| 942 | _n0 | ||
| 999 |
_c72871 _d72871 |
||